000 02896nam0a2200433 4500
001 RU\NLR\BIBL_A\012070139
005 20251007161706.0
010 _a978-5-94809-931-6
_9500
021 _aRU
_bКН-П-19-051425
_9КН-П-19-3720
035 _a(NLR Aleph) 012070139
035 _a(RuMoRGB)010035774
090 _a11751323
_c11751323
100 _a20190806d2017 k y0rusy50 ca
101 0 _arus
_deng
102 _aRU
105 _a c||z|||010zy
200 1 _aГносеологические основы образования
_eмеждународный сборник научных трудов, посвящённый 90-летию со дня рождения профессора С.П. Баранова
_fМинистерство образования и науки Российской Федерации, Федеральное государственное бюджетное образовательное учреждение высшего образования "Елецкий государственный университет им. И.А. Бунина"
_g[ответственные редакторы: А.Ж. Овчинникова, Л.З. Цветанова-Чурукова, доктора пед. наук, профессора]
210 _aЕлец
_cФедеральное государственное бюджетное образовательное учреждение высшего образования "Елецкий государственный университет им. И.А. Бунина"
_d2017
215 _a481 с.
_cил., портр., табл.
_d21
300 _aРез. англ.
320 _aБиблиогр. в конце ст.
600 1 _aБаранов
_bС. П.
_gСергей Петрович
_f1927 - 2013
_2nlr_sh2
_3RU\NLR\AUTH\6601605211
606 1 _aОбразование
_xГносеологический подход
_jСборники
_2nlr_sh2
_3RU\NLR\AUTH\6601605212
610 0 _aпедагогика
610 0 _aобразование
610 0 _aобучение
686 1 _aЧ33(2)7-2Баранов
686 1 _aЧ30,0я43
686 1 _aЧ312я43
702 1 _aОвчинникова
_bА. Ж.
_cд-р. пед. наук
_f1954-
_gАлександра Жоресовна
_3RU\NLR\AUTH\773092
_4340
702 1 _aЦветанова-Чурукова
_bЛ. З.
_gЛидия Здравкова
_3RU\NLR\AUTH\770165199
_4340
702 1 _aБаранов
_bС. П.
_cканд. пед. наук
_f1929-2013
_gСергей Петрович
_3RU\NLR\AUTH\777258
_4570
712 0 2 _aЕлецкий государственный университет им. И. А. Бунина
_3RU\NLR\AUTH\8810032762
_4475
942 _cBOOK
980 _aNBR
980 _aNB